Statistics for Lebanese Diaspora

Click here to take the quiz!

General Stats

  • This quiz has been taken 174 times
  • The average score is 22 of 30

Answer Stats

Approximation Country % Correct
1,300,000United States
99%
<50,000United Kingdom
96%
1,000,000Brazil
96%
225,000France
96%
95,000Germany
94%
350,000Canada
94%
100,000Mexico
93%
650,000Argentina
93%
100,000United Arab Emirates
91%
360,000Australia
90%
110,000Saudi Arabia
89%
120,000Colombia
86%
60,000Chile
84%
300,000Venezuela
84%
<50,000Egypt
79%
85,000Sweden
75%
65,000Greece
75%
85,000Kuwait
73%
70,000Uruguay
71%
68,000New Zealand
71%
90,000Norway
66%
<50,000Netherlands
65%
100,000Ecuador
64%
70,000Cyprus
60%
60,000Poland
55%
65,000Cuba
48%
<50,000Costa Rica
45%
<50,000Nigeria
30%
50,000Senegal
21%
50,000Ivory Coast
17%

Score Distribution

Percentile by Number Answered

Percent of People with Each Score

Your Score History

You have not taken this quiz